| 000 | 02180nam0a2200421 i 4500 | ||
|---|---|---|---|
| 001 | RU\NLR\BIBL_A\010544261 | ||
| 005 | 20260407231412.0 | ||
| 010 |
_a9785963101452 _91000 |
||
| 021 |
_aRU _b2014-71379 _94374 |
||
| 035 | _a(NILC)RuMoRGB-007555832 | ||
| 035 | _a(NLR Aleph) 010544261 | ||
| 090 |
_a10308890 _c10308890 |
||
| 100 | _a20141126d2012 km y0rusy50 ca | ||
| 101 | 0 | _arus | |
| 102 | _aRU | ||
| 105 | _ay|||z|||010yy | ||
| 200 | 1 |
_aТолерантность - путь к согласию этнических групп северного региона _eметодическое пособие _f[Муницип. образование г. Ноябрьск, Администрация, Упр. по делам семьи и молодежи _gпод ред. О. Ю. Межиной и др.] |
|
| 210 |
_aНоябрьск _cУправление по делам семьи и молодежи Администрации города Ноябрьска _d2012 |
||
| 215 |
_a159 с. _cил. _d21 |
||
| 300 | _aНа тит. л.: 20 лет с молодежью. УДСМ | ||
| 320 | _aБиблиогр.: с. 64-65 (15 назв.) | ||
| 606 |
_aТолерантность этническая _92125682 _3RU\NLR\AUTH\661586841 |
||
| 606 | 1 |
_aМолодежная политика _yРоссийская Федерация _92087764 _3RU\NLR\AUTH\661263940 |
|
| 606 | 1 |
_aМолодежь _jМетодические пособия _xВоспитание толерантности _92445501 _3RU\NLR\AUTH\661454490 |
|
| 610 | 0 | _aмолодежная политика | |
| 610 | 0 | _aполинациональные регионы | |
| 610 | 0 | _aэтнотолерантное воспитание | |
| 686 | 1 | _aТ3(2)74-36 | |
| 686 | 1 | _aС550.325.1 | |
| 686 | 1 | _aЧ313.352.15я8 | |
| 702 | 1 |
_aМежина _bО. Ю. _gОльга Юрьевна _4340 |
|
| 712 | 0 | 1 |
_4570 _aНоябрьск _bУправление по делам семьи и молодежи _3RU\NLR\AUTH\8810156796 _9809001 |
| 801 | 0 |
_aRU _bРГБ _c20140922 _gRCR |
|
| 801 | 1 |
_aRU _bРГБ _c20140922 _2rusmarc |
|
| 942 | _cBOOK | ||
| 980 | _aNBR | ||